000 00817nam a2200253 i 4500
001 9008
003 ES-MaACL
005 20250927112355.0
007 t|
008 930128s1992 sp ||||1| spa d
020 _a84-08-00167-1
080 _a92 Franco Bahamonde, Francisco
080 _a32:92 Franco Bahamonde, Francisco
100 1 _aPalomino, Angel.
_988695
245 1 0 _aCaudillo /
_cAngel Palomino.
250 _a[1ª ed.].
260 _aBarcelona :
_bPlaneta,
_c1992.
300 _a400 p. :
_bil ;
_c23 cm.
490 1 _aEspejo de España. Serie Los españoles ;
_v156.
600 1 4 _aFranco Bahamonde, Francisco,
_d1892-1975-
_xBiografías
_952242
830 0 _aEspejo de España. Serie Los españoles ;
_v156.
_9178159
852 _aES-MaACL
_jL-16503
_bR.121104
999 _c9008
_d9008